Normal view
MARC view
- SIGNAL PROCESSING - DIGITAL TECHNIQUIES
Entry Topical Term
001 - CONTROL NUMBER
- control field: 63519
003 - CONTROL NUMBER IDENTIFIER
- control field: NUST
005 - DATE AND TIME OF LATEST TRANSACTION
- control field: 20210628203131.0
008 - FIXED-LENGTH DATA ELEMENTS
- fixed length control field: 210628|| aca||aabn | a|a d
040 ## - CATALOGING SOURCE
- Original cataloging agency: NUST
- Transcribing agency: NUST
150 ## - HEADING--TOPICAL TERM
- Topical term or geographic name entry element: SIGNAL PROCESSING - DIGITAL TECHNIQUIES
670 ## - SOURCE DATA FOUND
- Source citation: Work cat.: (NUST): Harris, Fredric J 63518, Multirate signal processing, for communication systems, 2007
